| 000 | 00447nam a22001577a 4500 | ||
|---|---|---|---|
| 082 |
_a539.76 _bDIE _cL-7, P-40 |
||
| 100 |
_aDietz, David _940095 |
||
| 245 |
_aAtomic science bomb and power / _cDietz, David. |
||
| 250 | _a1st ed. | ||
| 260 |
_aNew York : _bCollier Books, _cc1962. |
||
| 300 |
_a254 p. : _bill |
||
| 526 |
_a0 _b0 _c0 _d539_760000000000000_DIE |
||
| 526 |
_a0 _b0 _c0 _d539_760000000000000_DIE |
||
| 650 |
_aMCE _9379 |
||
| 942 |
_2ddc _cBK |
||
| 999 |
_c544462 _d544462 |
||